000 00479nam a22001697a 4500
999 _c478340
_d478340
003 NUST
005 20180522054900.0
008 180522b ||||| |||| 00| 0 eng d
020 _a9780071321266
082 _a515
100 _aRobert Wrede, Ph.D.
_910432
245 _aAdvanced Calculus
_b Schaum's Outlines
_cRobert Wrede, Ph.D.
250 _a3rd ed.
260 _aNew Delhi
_bTata McGraw Hill Education Private Limited
_c2010
300 _a445 p.
_bPb.
942 _2ddc
_cBK